000 00424nam a2200169Ia 4500
008 131103s9999 xx 000 0 und d
040 _aLoreto College
041 _aEnglish
082 _a920/MIL
_bLCLIB
100 _aMillar, George
245 _amaquis
_cGeorge Millar
260 _aGreat Britain
_bWilliam Heinemann
_c1947
300 _a364p.
_c 19cm.
650 _aBiography
850 _aLCLIB/920/MIL
942 _cBK
999 _c25164
_d75643